000
00287nam a2200121Ia 4500
008
240624s9999 xx 000 0 und d
041
_a
eng
082
_a
823 JOH
100
_a
JOHNSTON BARRY
245
_a
WIT OF CRICKET
260
_c
2009
_a
London
_b
Hodder
300
_a
290 : p. : cm. ; 20
999
_c
21604
_d
21604